| 000 | 00720 a2200169 4500 | ||
|---|---|---|---|
| 003 | Nust | ||
| 005 | 20230125133857.0 | ||
| 040 | _cNust | ||
| 082 | _a808.83,ROB | ||
| 100 |
_aRobertson, E. Arnot _9107646 |
||
| 245 |
_aThree came unarmed / _c E. Arnot Robertson |
||
| 260 |
_aLondon _bJonathan _c1933 |
||
| 300 | _a288 p | ||
| 505 | _aOn Broken Ship (Page-9), Passage to England (Page-26), At West Mersea (Page-38), Dawn Had A headache (Page-64), Annie and Dawn (Page-104), Nonie Luck and Dawns (Page-174), Nonie and Hugh Eves (Page-214), Herel in Paley (Page-230), Summer is not the Worthy of Spring (Page-257), Man in the Herd (Page-268), Sailing With Colin (Page-278). | ||
| 650 |
_aNovel _92525 |
||
| 942 |
_2ddc _cBK |
||
| 999 |
_c191013 _d191013 |
||